Dirección de centros deportivos: principales funciones y habilidades del director deportivo

Salvato in:
Dettagli Bibliografici
Autori principali: Quesada Rettschlag, Sergio (Autore), Díez García, María Dolores (Autore), Ares Parra, Antonio (Autore)
Natura: Libro
Lingua:spagnolo
Pubblicazione: Barcelona Paidotribo 2012
Edizione:2a. ed
Serie:Gestión y Administración
Soggetti:
Tags: Aggiungi Tag
Nessun Tag, puoi essere il primo ad aggiungerne!!

MARC

LEADER 00000cam a2200000 a 4500
001 UCF9092
003 CL-VaPUC
008 131025e20120000sp |||||||||||||||||spa|d
020 |a 9788499103914 
082 0 4 |a 796.069  |b QUE  |2 21 
100 0 |a Quesada Rettschlag, Sergio  |e author  |9 571287 
700 0 |a Díez García, María Dolores  |e author  |9 571288 
700 0 |a Ares Parra, Antonio  |e author  |9 571289 
245 1 0 |a Dirección de centros deportivos: principales funciones y habilidades del director deportivo 
250 |a 2a. ed 
300 |a 319 p 
942 |c BK 
945 |d 20131025 12:28:00  |a cmena 
260 |a Barcelona  |b Paidotribo  |c 2012 
650 7 |a ORGANIZACIONES DEPORTIVAS  |2 CL-VaPUC  |9 462353 
650 0 |a Administración financiera  |9 261146 
650 0 |a Liderazgo  |9 271835 
650 0 |a Planificación estratégica   |9 259735 
650 0 |a Administración de empresas   |9 260833 
583 |a last modification  |c 20131025 12:28:00  |k Rodrigo Vera 
490 0 |a Gestión y Administración 
999 |c 353577  |d 353575 
952 |0 0  |1 0  |3 erb  |4 0  |6 796_069000000000000_QUE_2012  |7 0  |8 A  |9 458910  |a BIBEDU  |b BIBEDU  |d 2019-11-23  |i 5022886  |l 5  |o 796.069 QUE 2012  |p 5022886  |r 2022-05-17  |s 2022-05-17  |w 2019-11-23  |y BK  |z Catalogado en:20131025  |k EFI 
952 |0 0  |1 0  |3 erb  |4 0  |6 796_069000000000000_QUE_2012  |7 0  |8 A  |9 458911  |a BIBEDU  |b BIBEDU  |d 2019-11-23  |i 5022894  |o 796.069 QUE 2012  |p 5022894  |r 2019-11-23  |w 2019-11-23  |y BK  |z Catalogado en:20131025  |k EFI